Math for the electronics student /

Bibliographic Details
Main Author: Andrews, Alan
Format: Book
Language:English
Published: Fort Worth, Tex. : Radio Shack, [1974]
Edition:1st ed.
Subjects:

MARC

Tag First Indicator Second Indicator Subfields
LEADER 00000cam a2200000 a 4500
001 in00000092931
005 20150923173414.0
008 740822s1974 txua 00010 engm
010 |a  74078010  
035 |a (OCoLC)01032351 
035 |9 AAK7939AM 
040 |a DLC  |c DLC  |d TXA  |d UtOrBLW 
049 |a TXAM  |c [1272812] 
050 0 0 |a TK153  |b .A58 
082 0 |a 621.381/01/51 
090 |a TK153  |b .A58 1981 
100 1 |a Andrews, Alan. 
245 1 0 |a Math for the electronics student /  |c by Alan Andrews. 
250 |a 1st ed. 
264 1 |a Fort Worth, Tex. :  |b Radio Shack,  |c [1974] 
264 3 |c 1981 printing 
264 4 |c ©1974 
300 |a 111 pages :  |b illustrations ;  |c 22 cm. 
336 |a text  |b txt  |2 rdacontent 
337 |a unmediated  |b n  |2 rdamedia 
338 |a volume  |b nc  |2 rdacarrier 
650 0 |a Electrical engineering  |x Mathematics. 
999 |a MARS 
999 f f |s c4eb70c2-0847-3c0e-b00d-efc10c240663  |i 78f54023-daa0-3b8d-b079-08071c26e8fc  |t 0 
952 f f |p ric  |a Texas A&M University  |b Rellis Campus  |c Joint Library Facility  |d Remote Storage  |t 0  |e TK153 .A58 1981  |h Library of Congress classification  |i unmediated -- volume  |m A14805996287 
998 f f |a TK153 .A58 1981  |t 0  |l Remote Storage